000 00731nam a22002417a 4500
003 UA-OsUOA
001 58789
007 ta
008 20090225b un ||||| |||| 00| 0 ukr d
100 _aБаран В.Д.
090 _a94 (477-25).02: 929
_bБ24
942 _cBK
040 _aUA-OsUOA
_bukr
_cUA-OsUOA
_dUA-OsUOA
245 _aКий , Щек і Хорив, сестра їх Либідь та пракорені українського народу
300 _a63 с.
955 _a0
041 _aukr
080 _a94 (477-25).02: 929
020 _a978-966-8968-05-1
260 _aК.
_bАтлантЮЕмСі
_c2007
650 7 _a9 Географія. Біографії. Історія
_2UDC
999 _c344757
_d344757